I Have Nothing - Whitney Houston - Statistics

General Stats
  • This quiz has been taken 203 times
  • The average score is 246 of 298
Answer Stats
Answer % Correct
do
98%
have
98%
I
98%
a
97%
don't
97%
Don't
97%
me
97%
my
97%
you
97%
no
96%
to
96%
to?
96%
in
94%
nothing
92%
the
91%
from
90%
if
90%
If
90%
there
89%
go
88%
where
88%
for
87%
much
87%
take
87%
on
86%
anymore
84%
close
84%
follow
84%
life
84%
make
84%
stay
84%
wanna
84%
am
83%
love
83%
never
83%
very
83%
what
83%
away
81%
can
81%
door
81%
all
80%
look
80%
more
80%
need
80%
arms
79%
I'll
79%
one
79%
share
79%
walk
79%
further
78%
want
78%
hurt
77%
inside
77%
myself
77%
that
77%
this
77%
cause
76%
colors
74%
imagine
74%
passion
74%
and
73%
dare
73%
can't
72%
really
72%
too
72%
hold
71%
back
70%
run
70%
ask
69%
change
69%
must
69%
it
68%
again
67%
everything
66%
hide
64%
there's
64%
your
61%
are
60%
just
60%
or
57%
with
57%
nowhere
56%
see
56%
of
55%
heart
51%
won't
51%
I've
47%
knew
44%
through
44%
down
43%
will
43%
remember
41%
break
40%
like
40%
forever
38%
right
36%
walls
36%
memory
34%
oh
34%
known
31%
survive
30%
strength
28%
No matching quizzes found
Score Distribution
Percent of People with Each Score
Percentile by Number Answered
Your Score History
You have not taken this quiz